| 000 | 00426nam a2200169Ia 4500 | ||
|---|---|---|---|
| 008 | 131103s9999 xx 000 0 und d | ||
| 040 | _aLoreto College | ||
| 041 | _aEnglish | ||
| 082 |
_a824.08/SIO _bLCLIB/20941 |
||
| 100 | _aSio, Kewlian | ||
| 245 | 2 |
_aA Small world _cKewlian Sio |
|
| 260 |
_a[S.l] _b[s.n.] _c1960 |
||
| 300 |
_a33p. _c 20c.m. |
||
| 650 | _aEnglish essays | ||
| 850 | _aLCLIB/824.08/SIO | ||
| 942 | _cBK | ||
| 999 |
_c22708 _d73187 |
||